| 000 | 03170nam a2200349 a 4500 | ||
|---|---|---|---|
| 001 | 00002062 | ||
| 003 | WSP | ||
| 005 | 20260416153416.0 | ||
| 006 | m d | ||
| 007 | cr cuu|||uu||| | ||
| 008 | 091123s1993 si ac sb 001 0 eng d | ||
| 020 |
_a9789812812117 _q(ebook) |
||
| 020 | _z9810214383 | ||
| 040 |
_aWSPC _beng _cWSPC |
||
| 082 | 0 | 4 |
_a541.2242 _222 |
| 245 | 1 | 0 |
_aFacets of coordination chemistry / _cedited by B.V. Agarwala, K.N. Munshi. |
| 260 |
_aSingapore ; _aRiver Edge, N.J. : _bWorld Scientific Pub. Co., _cc1993. |
||
| 300 |
_a1 online resource (xiv, 253 p.) : _bill., port. |
||
| 500 | _aArticles by the students and colleagues of Arun K. Dey in honor of his 70th birthday. | ||
| 504 | _aIncludes bibliographical references and index. | ||
| 505 | 0 | _a1. Introduction: coordination chemistry and its multifacets / B.V. Agarwala and K.N. Munshi -- 2. Coordination chemistry of environment / D.F. Marim -- 3. Retrospective studies on metal complexes as synthetic dioxygen carriers of biological interest / F. Basolo -- 4. Heterometal alkoxides: a novel series of stable polymetallic coordination compounds / R.C. Mehrotra -- 5. Solvent effects on the reactions of coordination complexes / A.C. Dash, R.K. Nanda and S. Aditya -- 6. A simple model for fitting properties of binary mixtures / E. Högfeldt -- 7. Donor-acceptor interactions and structural flexibility of coordination-compounds in solution / W. Linert -- 8. NMR spectroscopy of oriented systems: application to weak molecular complexes / C.L. Khetrapal -- 9. Cyclic voltammetry / R.C. Kapoor -- 10. Chelating polymers / C.-Y. Liu and K.L. Cheng -- 11. Optical resolution of metal complexes by column-chromatography / M. Fujita and Y. Yoshikawa -- 12. Correlation between the composition and structure of transition metal complexes and their R[symbol] values obtained by planar chromatography / G. Vuckovic, Z.L. Tesic and M.B. Celap -- 13. Some designs of polyethers for use in membranes of ion-selective electrodes / J.D.R. Thomas -- 14. Copper proteins and their various roles in biological systems / P.K. Bhattacharya -- 15. Urinary stones, diet and folk medicine / A.K. Banerjee, M.H.A. Akhbari Shad and S.K. Roy. | |
| 520 | _aA concise account of coordination chemistry since its inception is given here together with some of the newer significant facets. This book covers a broad spectrum of various topics on Environment, Cyclic Voltammetry, Chromatography, Metal Complexes of biological interest, Alkoxides, NMR spectroscopy and others. These are useful to the scientific community engaged in the field of Inorganic Chemistry and Analytical Chemistry. | ||
| 533 |
_aElectronic reproduction. _bSingapore : _cWorld Scientific Publishing Co., _d1993. _nSystem requirements: Adobe Acrobat Reader. _nMode of access: World Wide Web. |
||
| 650 | 0 | _aCoordination compounds. | |
| 655 | 0 | _aElectronic books. | |
| 700 | 1 |
_aAgarwala, B. V. _q(Badri Vishal) |
|
| 700 | 1 |
_aMunshi, K. N. _q(Kailash Nath) |
|
| 700 | 1 |
_aDey, Arun K., _d1922- |
|
| 710 | 2 | _aWorld Scientific (Firm) | |
| 856 | 4 | 0 | _uhttps://www.worldscientific.com/worldscibooks/10.1142/2062#t=toc |
| 942 | _cE-BOOK | ||
| 999 |
_c49784 _d49784 |
||